| 000 | 01226cam a22003617a 4500 | ||
|---|---|---|---|
| 003 | CHAP | ||
| 005 | 20220329133207.0 | ||
| 008 | 971013s1989 r 00010 d | ||
| 010 | _a3215 | ||
| 011 | _a4187 | ||
| 035 | _a3389 | ||
| 040 | _cCHAP | ||
| 090 | _aFolleto 13496 | ||
| 100 | 0 | 0 |
_aDomínguez Alvarez, Francisco Alberto. _933768 |
| 245 | 1 | 3 | _aLa parcela hexagonal para ensayos de experimentación forestal |
| 260 |
_aChapingo, Méx. : _bCentro de Genética Forestal, _c1989 |
||
| 300 | _a21 p | ||
| 490 | 0 |
_aBoletín técnico _v; 5 |
|
| 500 | _a49-26 | ||
| 590 |
_aBATCH-UPD _b10 _c20130110 _lUCH01 _h0151 |
||
| 590 |
_aBATCH-UPD _b10 _c20130110 _lUCH01 _h1754 |
||
| 590 |
_aBATCH-UPD _b10 _c20130410 _lUCH01 _h1131 |
||
| 590 |
_aBATCH-UPD _b10 _c20130914 _lUCH01 _h0653 |
||
| 590 |
_aCONVERSION _b10 _c20130109 _lUCH01 _h1303 |
||
| 650 | 1 | 4 |
_aÁrboles _xEspaciamiento. _96598 |
| 650 | 1 | 4 |
_aParcelas. _985484 |
| 710 | 0 |
_aCentro de Genética Forestal, A. C. Chapingo, Méx. _921101 |
|
| 830 | 0 |
_aBoletín técnico _v; 5 _913560 |
|
| 901 | _aBK | ||
| 942 | _cFOLL | ||
| 949 |
_aFolleto 13496 _bBC _cFOLL _d-12905 _eTS1 _gI. c/e _i3389 _si _t10.00 |
||
| 949 |
_aFolleto 13496 _bBC _cFOLL _d-77240 _eTS2 _fc.2 _gI. c/e _i3389 _si _t10.00 |
||
| 999 |
_c3215 _d3215 |
||